| 000 | 00933nmm a2200277 a 4500 | ||
|---|---|---|---|
| 001 | ocm000607434 | ||
| 003 | TR-IsHL | ||
| 005 | 20201028123511.0 | ||
| 008 | 130902s2011 tu tur | ||
| 007 | cr cn | ||
| 020 | _a9786054503322 | ||
| 035 |
_a607434 _b(N$T) |
||
| 050 | 0 | 4 |
_aPQ6332.9.T8 _bD6 2011 |
| 090 | 0 | 4 |
_aPQ6332.9.T8 _bD6 2011 |
| 100 | 1 | _aSaavedra, de Miguel Cervantes | |
| 245 | 1 | 0 |
_aDon Kişot _h[electronic resource] / _cde Miguel Cervantes Saavedra ; çev. Gülsün Tilkici |
| 260 |
_aİstanbul : _bBilge Kirpi Yayıncılık, _c2011 |
||
| 300 | _a260 p. | ||
| 650 | 4 | _aDil ve Edebiyat | |
| 650 | 4 | _aLanguage and Literature | |
| 650 | 0 | _aİspanyol romanı | |
| 650 | 0 | _aSpanish fiction | |
| 650 | 7 |
_aLITERARY COLLECTIONS / European / Spanish & Portuguese _2bisacsh |
|
| 700 | 1 | _aTilkici, Gülsün | |
| 856 | 4 | 0 | _uhttp://search.ebscohost.com/login.aspx?direct=true&scope=site&db=e011xww&AN=607434 |
| 999 |
_c2440 _d2440 |
||